Most and Least Racially Diverse US States - Statistics

General Stats
  • This quiz has been taken 248 times
  • The average score is 7 of 10
Answer Stats
State Diversity Index (%) % Correct
California 69.7
94%
Texas 67.0
90%
Hawaii 76.0
72%
Maine 18.5
71%
Vermont 20.2
71%
New Hampshire 23.6
67%
Montana 30.1
61%
Nevada 68.8
51%
Maryland 67.3
48%
West Virginia 20.2
39%
No matching quizzes found
Score Distribution
Percent of People with Each Score
Percentile by Number Answered
Your Score History
You have not taken this quiz